FINANCIAL MANAGEMENT (Record no. 11582)

MARC details
000 -LEADER
fixed length control field 00316nam a22001457a 4500
003 - CONTROL NUMBER IDENTIFIER
control field SGT
020 ## - INTERNATIONAL STANDARD BOOK NUMBER
International Standard Book Number 9789325982291
082 ## - DEWEY DECIMAL CLASSIFICATION NUMBER
Classification number 658.15,PAN
100 ## - MAIN ENTRY--PERSONAL NAME
Personal name PANDEY,I.M.
245 ## - TITLE STATEMENT
Title FINANCIAL MANAGEMENT
260 ## - PUBLICATION, DISTRIBUTION, ETC. (IMPRINT)
Place of publication, distribution, etc NEW DELHI
Name of publisher, distributor, etc VIKAS
Year of Publication 2017
300 ## - PAGE DESCRIPTION
No. of Pages 921
650 ## - SUBJECT ADDED ENTRY--TOPICAL TERM
Topical term or geographic name as entry element FINANCIAL MANAGEMENT
942 ## - ADDED ENTRY ELEMENTS (KOHA)
Source of classification or shelving scheme Dewey Decimal Classification
Koha item type Books
942 ## - ADDED ENTRY ELEMENTS (KOHA)
-- 3
Holdings
Withdrawn status Lost status Source of classification or shelving scheme Damaged status Not for loan Collection code Home library Current library Shelving location Date acquired Vendor Name Cost, normal purchase price SGTU Bill Number Total Checkouts Total Renewals Full call number Accession No. (Barcode) Date last seen Date last borrowed Bill Date Koha item type
    Dewey Decimal Classification   Not For Loan LAW SGT Science & Social Sciences Library SGT Science & Social Sciences Library Reference Book 18/05/2017 COMMERCIAL BOOK HOUSE 699.00 SGTU IN388 1 1 658.15,PAN FL1889 01/12/2018 14/11/2018 08/05/2017 Books
    Dewey Decimal Classification     LAW SGT Science & Social Sciences Library SGT Science & Social Sciences Library Text Book 18/05/2017 COMMERCIAL BOOK HOUSE 699.00 SGTU IN388 6   658.15,PAN FL1890 08/08/2025 06/08/2025 08/05/2017 Books
    Dewey Decimal Classification     LAW SGT Science & Social Sciences Library SGT Science & Social Sciences Library Text Book 18/05/2017 COMMERCIAL BOOK HOUSE 699.00 SGTU IN388 7 1 658.15,PAN FL1891 25/09/2024 20/09/2024 08/05/2017 Books